|
|
|
|
| LEADER |
00000nam a2200000 a 4500 |
| 001 |
vtls009282398 |
| 003 |
SK-MaSNL |
| 005 |
20260301081600.0 |
| 008 |
240313 000 0 eng |
| 040 |
|
|
|a SNK
|b slo
|c SNK
|e AACR2
|
| 100 |
1 |
|
|a Gerstl, Dominick Ignatz
|4 aut
|9 405093
|
| 245 |
1 |
|
|a Rede auf das zwenfache fűnfzigiáhrige Jubelfest, der Einweihung der Kirche der W. GG. Glisabethinerinnen ...
|p Zc Dominick Ignatz Gerstl
|
| 260 |
|
|
|a Pretzburg
|b Patzkoischen Schristen
|c 1793
|
| 300 |
|
|
|a 31 s.
|
| 999 |
|
|
|c 656267
|d 658197
|
| 952 |
|
|
|a SNK
|b SNK
|y PREZ
|7 0
|p 17A0585848
|o snkSD 15548
|i snk2571/58
|3 rekatalogizácia
|0 0
|1 0
|4 0
|d 2008-04-04
|l 0
|r 2025-11-28 00:00:00
|w 2026-02-23
|